<?xml version="1.0" encoding="UTF-8"?>
<record
    xmlns:xsi="http://www.w3.org/2001/XMLSchema-instance"
    xsi:schemaLocation="http://www.loc.gov/MARC21/slim http://www.loc.gov/standards/marcxml/schema/MARC21slim.xsd"
    xmlns="http://www.loc.gov/MARC21/slim">

  <leader>01158nam a2200181Ia 4500</leader>
  <controlfield tag="008">151202s9999||||xx |||||||||||||| ||und||</controlfield>
  <datafield tag="082" ind1=" " ind2=" ">
    <subfield code="b">PNVM-122032</subfield>
  </datafield>
  <datafield tag="100" ind1=" " ind2=" ">
    <subfield code="a">&#x906;&#x902;&#x92C;&#x947;&#x915;&#x930; &#x936;&#x94D;&#x930;&#x940;&#x915;&#x93E;&#x902;&#x924;.</subfield>
  </datafield>
  <datafield tag="245" ind1=" " ind2=" ">
    <subfield code="a">&#x92D;&#x935;&#x938;&#x93E;&#x917;&#x930; &#x928;&#x93E;&#x935;&#x93E;&#x921;&#x940;- &#x930;&#x93E;&#x935;&#x938;&#x93E;&#x939;&#x947;&#x92C; &#x938;&#x939;&#x938;&#x94D;&#x924;&#x94D;&#x930;&#x92C;&#x941;&#x926;&#x94D;&#x927;&#x947; &#x91A;&#x930;&#x93F;&#x924;&#x94D;&#x930; &#x905;&#x915;&#x94D;&#x915;&#x932;&#x915;&#x94B;&#x91F; &#x938;&#x94D;&#x935;&#x93E;&#x92E;&#x940;&#x92E;&#x939;&#x93E;&#x930;&#x93E;&#x91C; &#x92F;&#x93E;&#x902;&#x91A;&#x947; &#x936;&#x93F;&#x937;&#x94D;&#x92F;.</subfield>
  </datafield>
  <datafield tag="260" ind1=" " ind2=" ">
    <subfield code="b">&#x906;&#x902;&#x92C;&#x947;&#x915;&#x930; &#x936;&#x94D;&#x930;&#x940;&#x902;&#x915;&#x93E;&#x924; &#x917;&#x923;&#x947;&#x936;.</subfield>
  </datafield>
  <datafield tag="260" ind1=" " ind2=" ">
    <subfield code="c">0</subfield>
  </datafield>
  <datafield tag="300" ind1=" " ind2=" ">
    <subfield code="a">732</subfield>
  </datafield>
  <datafield tag="600" ind1=" " ind2=" ">
    <subfield code="a">&#x906;&#x902;&#x92C;&#x947;&#x915;&#x930; &#x936;&#x94D;&#x930;&#x940;&#x915;&#x93E;&#x902;&#x924;.</subfield>
  </datafield>
  <datafield tag="630" ind1=" " ind2=" ">
    <subfield code="a">&#x92D;&#x935;&#x938;&#x93E;&#x917;&#x930; &#x928;&#x93E;&#x935;&#x93E;&#x921;&#x940;- &#x930;&#x93E;&#x935;&#x938;&#x93E;&#x939;&#x947;&#x92C; &#x938;&#x939;&#x938;&#x94D;&#x924;&#x94D;&#x930;&#x92C;&#x941;&#x926;&#x94D;&#x927;&#x947; &#x91A;&#x930;&#x93F;&#x924;&#x94D;&#x930; &#x905;&#x915;&#x94D;&#x915;&#x932;&#x915;&#x94B;&#x91F; &#x938;&#x94D;&#x935;&#x93E;&#x92E;&#x940;&#x92E;&#x939;&#x93E;&#x930;&#x93E;&#x91C; &#x92F;&#x93E;&#x902;&#x91A;&#x947; &#x936;&#x93F;&#x937;&#x94D;&#x92F;.</subfield>
  </datafield>
  <datafield tag="700" ind1=" " ind2=" ">
    <subfield code="a">&#x906;&#x902;&#x92C;&#x947;&#x915;&#x930; &#x936;&#x94D;&#x930;&#x940;&#x915;&#x93E;&#x902;&#x924;.</subfield>
  </datafield>
  <datafield tag="730" ind1=" " ind2=" ">
    <subfield code="a">&#x92D;&#x935;&#x938;&#x93E;&#x917;&#x930; &#x928;&#x93E;&#x935;&#x93E;&#x921;&#x940;- &#x930;&#x93E;&#x935;&#x938;&#x93E;&#x939;&#x947;&#x92C; &#x938;&#x939;&#x938;&#x94D;&#x924;&#x94D;&#x930;&#x92C;&#x941;&#x926;&#x94D;&#x927;&#x947; &#x91A;&#x930;&#x93F;&#x924;&#x94D;&#x930; &#x905;&#x915;&#x94D;&#x915;&#x932;&#x915;&#x94B;&#x91F; &#x938;&#x94D;&#x935;&#x93E;&#x92E;&#x940;&#x92E;&#x939;&#x93E;&#x930;&#x93E;&#x91C; &#x92F;&#x93E;&#x902;&#x91A;&#x947; &#x936;&#x93F;&#x937;&#x94D;&#x92F;.</subfield>
  </datafield>
  <datafield tag="942" ind1=" " ind2=" ">
    <subfield code="c">BOOK</subfield>
  </datafield>
  <datafield tag="999" ind1=" " ind2=" ">
    <subfield code="c">1352161</subfield>
    <subfield code="d">1352158</subfield>
  </datafield>
  <datafield tag="952" ind1=" " ind2=" ">
    <subfield code="0">0</subfield>
    <subfield code="1">0</subfield>
    <subfield code="4">0</subfield>
    <subfield code="7">0</subfield>
    <subfield code="a">PNVM</subfield>
    <subfield code="b">PNVM</subfield>
    <subfield code="d">2015-06-21</subfield>
    <subfield code="g">0.00</subfield>
    <subfield code="l">0</subfield>
    <subfield code="o">PNVM-122032</subfield>
    <subfield code="p">PNVM-122032</subfield>
    <subfield code="r">2015-12-02 00:00:00</subfield>
    <subfield code="v">0.00</subfield>
    <subfield code="w">2015-12-02</subfield>
    <subfield code="y">BOOK</subfield>
  </datafield>
</record>
